[Event "Outaouais-ch Reserve"]
[Site "Gatineau"]
[Date "2013.04.30"]
[Round "3"]
[White "Jiang, Qizhe"]
[Black "Lecorre, Joel"]
[Result "1-0"]
[WhiteElo "1450"]
[BlackElo "1591"]
[PlyCount "43"]
[EventDate "2013.04.16"]
[EventType "swiss"]
[EventRounds "6"]
[EventCountry "CAN"]
[SourceTitle "EXT 2022"]
[Source "ChessBase"]
[SourceDate "2021.10.06"]
[SourceVersion "1"]
[SourceVersionDate "2021.10.06"]
[SourceQuality "1"]

1. e4 e6 2. d4 d5 3. e5 c5 4. c3 Nc6 5. Nf3 cxd4 6. cxd4 Qb6 7. Nc3 Bb4 8. a3 Bxc3+ 9. bxc3 Nge7 10. Bd3 Bd7 11. Rb1 Qc7 12. 0-0 a6 13. Ng5 h6 14. Qh5 g6 15. Qh4 Nf5 16. Bxf5 exf5 17. Nxf7 Kxf7 18. Qf6+ Kg8 19. Qxg6+ Kf8 20. Bxh6+ Rxh6 21. Qxh6+ Ke7 22. Qf6+ 1-0

[Event "Gatineau Service des Loisirs"]
[Site "Gatineau"]
[Date "2012.10.16"]
[Round "1"]
[White "Lavergne, Daniel"]
[Black "Jiang, Qizhe"]
[Result "0-1"]
[WhiteElo "1751"]
[BlackElo "1394"]
[PlyCount "46"]
[EventDate "2012.10.16"]
[EventType "swiss"]
[EventRounds "4"]
[EventCountry "CAN"]
[SourceTitle "EXT 2022"]
[Source "ChessBase"]
[SourceDate "2021.10.06"]
[SourceVersion "1"]
[SourceVersionDate "2021.10.06"]
[SourceQuality "1"]

1. e4 d6 2. d4 g6 3. Nf3 Bg7 4. Nc3 Nf6 5. Bc4 0-0 6. Bb3 e6 7. h3 Nc6 8. Bg5 h6 9. Be3 Na5 10. Qd2 Nxb3 11. axb3 Kh7 12. g4 Nd7 13. h4 f5 14. gxf5 exf5 15. h5 g5 16. Bxg5 Nf6 17. Bh4 fxe4 18. Ng5+ hxg5 19. Qxg5 Qe8 20. Ra5 b6 21. Rg1 Bh6 22. Qxh6+ Kxh6 23. Rag5 Nxh5 0-1

[Event "Gatineau Maisonneuve Memorial"]
[Site "Gatineau"]
[Date "2011.11.01"]
[Round "2"]
[White "Bellgrau, Marian"]
[Black "Jiang, Qizhe"]
[Result "1-0"]
[WhiteElo "1847"]
[BlackElo "1340"]
[PlyCount "93"]
[EventDate "2011.10.25"]
[EventType "swiss"]
[EventRounds "4"]
[EventCountry "CAN"]
[SourceTitle "EXT 2022"]
[Source "ChessBase"]
[SourceDate "2021.10.06"]
[SourceVersion "1"]
[SourceVersionDate "2021.10.06"]
[SourceQuality "1"]

1. e4 d6 2. d4 g6 3. f4 Bg7 4. Be3 Nf6 5. Bd3 Nbd7 6. Nc3 e5 7. fxe5 dxe5 8. d5 0-0 9. Nge2 Ng4 10. Qd2 Nxe3 11. Qxe3 Nb6 12. 0-0-0 Qd6 13. Nb5 Qd7 14. Qc5 c6 15. dxc6 Qxc6 16. Qa3 Nc4 17. Qb4 Ne3 18. Rdg1 Rd8 19. Qc3 Qxc3 20. Nexc3 a6 21. Nc7 Ra7 22. N7d5 Bh6 23. Kb1 Nxd5 24. Nxd5 Be6 25. Bc4 b5 26. Nf6+ Kg7 27. Bxe6 Kxf6 28. Bd5 Kg7 29. g4 Kh8 30. g5 Bg7 31. h4 h5 32. Rf1 Rdd7 33. Rf3 Rdc7 34. a3 Kg8 35. Rhh3 Rc5 36. b4 Rcc7 37. Rc3 Kf8 38. Kb2 f6 39. gxf6 Bxf6 40. Rcf3 Kg7 41. Rfg3 Kh6 42. Rf3 Kg7 43. Kb3 Rc8 44. Rc3 Rac7 45. Rxc7+ Rxc7 46. c4 g5 47. hxg5 1-0

[Event "Gatineau LEO-B"]
[Site "Gatineau"]
[Date "2010.04.27"]
[Round "3"]
[White "Beland, Guy"]
[Black "Jiang, Qizhe"]
[Result "0-1"]
[WhiteElo "1431"]
[BlackElo "1246"]
[PlyCount "52"]
[EventDate "2010.04.13"]
[EventType "swiss"]
[EventRounds "6"]
[EventCountry "CAN"]
[SourceTitle "EXT 2011"]
[Source "ChessBase"]
[SourceDate "2010.11.26"]
[SourceVersion "1"]
[SourceVersionDate "2010.11.26"]
[SourceQuality "1"]

1. e4 g6 2. Nf3 Bg7 3. Bc4 Nf6 4. d4 d6 5. 0-0 0-0 6. Nc3 Nbd7 7. b4 b6 8. Bb2 Bb7 9. Re1 c5 10. bxc5 bxc5 11. d5 Nb6 12. Qe2 Qc8 13. a4 Nxc4 14. Qxc4 Ba6 15. Qa2 Rb8 16. e5 Nd7 17. e6 Ne5 18. Re3 Nc4 19. Rb1 Nxe3 20. fxe3 h6 21. Nd2 fxe6 22. dxe6 Rb7 23. Nce4 Qb8 24. Nc4 d5 25. Nxc5 Bxc4 26. Qa1 Bxb2 0-1

[Event "Gatineau LEO-B"]
[Site "Gatineau"]
[Date "2010.04.13"]
[Round "1"]
[White "Jiang, Qizhe"]
[Black "Arsenault, Yves"]
[Result "0-1"]
[WhiteElo "1246"]
[BlackElo "1543"]
[PlyCount "64"]
[EventDate "2010.04.13"]
[EventType "swiss"]
[EventRounds "6"]
[EventCountry "CAN"]
[SourceTitle "EXT 2011"]
[Source "ChessBase"]
[SourceDate "2010.11.26"]
[SourceVersion "1"]
[SourceVersionDate "2010.11.26"]
[SourceQuality "1"]

1. e4 c5 2. Nf3 Nc6 3. d4 cxd4 4. Nxd4 Nf6 5. Nc3 e6 6. Ndb5 d6 7. Bg5 a6 8. Bxf6 gxf6 9. Nd4 Qb6 10. Nb3 Rg8 11. Qf3 Be7 12. 0-0-0 Bd7 13. Rd2 0-0-0 14. Qh5 Rg7 15. g3 Ne5 16. Bh3 Kb8 17. f4 Nc4 18. Rd4 Bb5 19. a4 Na5 20. Rb4 Qe3+ 21. Kb1 Nxb3 22. Rxb3 Bc6 23. Bg2 Qc5 24. Qxc5 dxc5 25. Rd1 Rgg8 26. Ra3 Rxd1+ 27. Nxd1 Rd8 28. Rd3 Bxa4 29. Rxd8+ Bxd8 30. b3 Bc6 31. c4 f5 32. Nc3 Ba5 0-1

[Event "Gatineau CEH op"]
[Site "Gatineau"]
[Date "2010.02.23"]
[Round "7"]
[White "Berthiaume, Serge"]
[Black "Jiang, Qizhe"]
[Result "1/2-1/2"]
[WhiteElo "1350"]
[BlackElo "1218"]
[PlyCount "113"]
[EventDate "2010.01.12"]
[EventType "swiss"]
[EventRounds "7"]
[EventCountry "CAN"]
[SourceTitle "EXT 2011"]
[Source "ChessBase"]
[SourceDate "2010.11.26"]
[SourceVersion "1"]
[SourceVersionDate "2010.11.26"]
[SourceQuality "1"]

1. d4 Nf6 2. Nf3 g6 3. Nc3 Bg7 4. e4 d6 5. Be3 0-0 6. Bd3 e5 7. dxe5 dxe5 8. Nxe5 Nxe4 9. Nxe4 Bxe5 10. c3 Bg7 11. Qd2 Bf5 12. 0-0-0 Be6 13. Kb1 Nc6 14. Bh6 Qd5 15. b3 Ne5 16. Bxg7 Kxg7 17. Qe3 Nxd3 18. Rxd3 Qc6 19. Rhd1 Bf5 20. Qd4+ f6 21. f3 Rfe8 22. Re1 Re7 23. g4 Rd8 24. Qe3 Bxe4 25. fxe4 Rxd3 26. Qxd3 Re8 27. c4 Qc5 28. Rd1 Qe5 29. Rd2 Re7 30. Re2 Qf4 31. h3 f5 32. gxf5 gxf5 33. Rg2+ Kh6 34. Qd4 Qxe4+ 35. Qxe4 Rxe4 36. Kc2 Re3 37. h4 Rh3 38. Rg5 f4 39. Kd2 Rxh4 40. Rf5 Kg6 41. Rf8 Kg5 42. Ke2 Kg4 43. Rg8+ Kf5 44. Rg7 h5 45. Rxc7 Ke4 46. Re7+ Kd4 47. Rxb7 Kc5 48. Rd7 Rh3 49. Rd5+ Kc6 50. Kf2 Rh2+ 51. Kf3 h4 52. Rf5 Rxa2 53. Kg4 Rb2 54. Kxh4 Rxb3 55. Rxf4 Rb4 56. Kg5 a5 57. Rf6+ 1/2-1/2

[Event "Gatineau CEH op"]
[Site "Gatineau"]
[Date "2010.02.09"]
[Round "5"]
[White "Jiang, Qizhe"]
[Black "Rainey, Ivan"]
[Result "0-1"]
[WhiteElo "1218"]
[BlackElo "1405"]
[PlyCount "64"]
[EventDate "2010.01.12"]
[EventType "swiss"]
[EventRounds "7"]
[EventCountry "CAN"]
[SourceTitle "EXT 2011"]
[Source "ChessBase"]
[SourceDate "2010.11.26"]
[SourceVersion "1"]
[SourceVersionDate "2010.11.26"]
[SourceQuality "1"]

1. e4 e6 2. d4 d5 3. Nc3 Bb4 4. e5 c5 5. a3 Bxc3+ 6. bxc3 Qc7 7. Nf3 Ne7 8. Be2 0-0 9. Bg5 cxd4 10. cxd4 h6 11. Be3 Nf5 12. Bd2 Bd7 13. Bd3 Nc6 14. Bxf5 exf5 15. 0-0 Rac8 16. Rc1 f6 17. Bb4 Nxb4 18. axb4 Qc3 19. Qd2 Qxd2 20. Nxd2 fxe5 21. dxe5 Rc3 22. Nb1 Rc4 23. c3 Re4 24. Rfe1 Re8 25. Rxe4 dxe4 26. Rd1 Bc6 27. b5 Bxb5 28. Rd5 Bc6 29. Rc5 Rd8 30. g3 Rd1+ 31. Kg2 Rxb1 32. Kh3 Rb5 0-1

[Event "Gatineau CEH op"]
[Site "Gatineau"]
[Date "2010.02.02"]
[Round "4"]
[White "Levesque, Andre"]
[Black "Jiang, Qizhe"]
[Result "1-0"]
[WhiteElo "1346"]
[BlackElo "1218"]
[PlyCount "79"]
[EventDate "2010.01.12"]
[EventType "swiss"]
[EventRounds "7"]
[EventCountry "CAN"]
[SourceTitle "EXT 2011"]
[Source "ChessBase"]
[SourceDate "2010.11.26"]
[SourceVersion "1"]
[SourceVersionDate "2010.11.26"]
[SourceQuality "1"]

1. e4 e5 2. Nf3 Nc6 3. Bb5 a6 4. Ba4 Nf6 5. 0-0 Be7 6. Re1 d6 7. h3 b5 8. Bb3 0-0 9. c3 Na5 10. Bc2 c5 11. d3 Qc7 12. Nbd2 Bd7 13. Nf1 b4 14. Bg5 Rab8 15. Ne3 Rfe8 16. Bxf6 Bxf6 17. Nd5 Qd8 18. Nh2 Be6 19. Ne3 bxc3 20. bxc3 Nc6 21. Ba4 Qc7 22. Nd5 Qc8 23. Nxf6+ gxf6 24. Re3 Kh8 25. Qf3 Rg8 26. Qxf6+ Rg7 27. Rg3 Qf8 28. Bxc6 Qg8 29. Rxg7 Qxg7 30. Qxg7+ Kxg7 31. Nf3 Rb2 32. Ng5 Bxa2 33. Bd5 Rb1+ 34. Rxb1 Bxb1 35. Nxf7 a5 36. Nxd6 a4 37. Bc4 a3 38. Nb7 a2 39. Bxa2 Bxa2 40. Nxc5 1-0

[Event "Gatineau CEH op"]
[Site "Gatineau"]
[Date "2010.01.19"]
[Round "2"]
[White "Jiang, Qizhe"]
[Black "Beland, Guy"]
[Result "0-1"]
[WhiteElo "1218"]
[BlackElo "1408"]
[PlyCount "66"]
[EventDate "2010.01.12"]
[EventType "swiss"]
[EventRounds "7"]
[EventCountry "CAN"]
[SourceTitle "EXT 2011"]
[Source "ChessBase"]
[SourceDate "2010.11.26"]
[SourceVersion "1"]
[SourceVersionDate "2010.11.26"]
[SourceQuality "1"]

1. e4 e5 2. Nf3 Nc6 3. Bc4 Bc5 4. c3 Nf6 5. d4 exd4 6. cxd4 Bb6 7. Nc3 0-0 8. Bg5 Na5 9. Bb3 h6 10. Bh4 g5 11. Bg3 d6 12. 0-0 Bg4 13. d5 Re8 14. Bc2 Nc4 15. Bd3 Ne5 16. Be2 Qe7 17. Bxe5 dxe5 18. Bb5 Red8 19. h3 Bd7 20. Bxd7 Rxd7 21. g4 Rad8 22. Qe2 c6 23. Rad1 Rd6 24. a3 cxd5 25. exd5 e4 26. Nb5 Rxd5 27. Nc3 Rd3 28. Rxd3 Rxd3 29. Ne1 Rxh3 30. Kg2 Rh4 31. f3 e3 32. Kg3 Bc7+ 33. Kg2 Rh2+ 0-1

[Event "Gatineau Maisonneuve Memorial"]
[Site "Gatineau"]
[Date "2009.11.10"]
[Round "5"]
[White "Jiang, Qizhe"]
[Black "Richard, Georges"]
[Result "0-1"]
[WhiteElo "1146"]
[BlackElo "1773"]
[PlyCount "46"]
[EventDate "2009.10.13"]
[EventType "swiss"]
[EventRounds "5"]
[EventCountry "CAN"]
[SourceTitle "EXT 2011"]
[Source "ChessBase"]
[SourceDate "2010.11.26"]
[SourceVersion "1"]
[SourceVersionDate "2010.11.26"]
[SourceQuality "1"]

1. e4 c5 2. Nf3 e6 3. d4 cxd4 4. Nxd4 Nc6 5. Nc3 Be7 6. Bc4 a6 7. a3 Nf6 8. 0-0 Qc7 9. Kh1 b5 10. Bb3 Bb7 11. f4 Nxd4 12. Qxd4 Bc5 13. Qd3 h5 14. e5 Qc6 15. Rf3 Ng4 16. Nd1 Qb6 17. Rf1 Rd8 18. h3 d6 19. exd6 Rxd6 20. Qe2 Qc6 21. f5 Rxd1 22. Rxd1 Nf2+ 23. Kh2 Qxg2# 0-1

[Event "Hull CC 29 Anniv-B"]
[Site "Gatineau"]
[Date "2009.09.08"]
[Round "1"]
[White "Jiang, Qizhe"]
[Black "Lavergne, Daniel"]
[Result "1-0"]
[WhiteElo "1146"]
[BlackElo "1565"]
[PlyCount "61"]
[EventDate "2009.09.08"]
[EventType "swiss"]
[EventRounds "5"]
[EventCountry "CAN"]
[SourceTitle "EXT 2011"]
[Source "ChessBase"]
[SourceDate "2010.11.26"]
[SourceVersion "1"]
[SourceVersionDate "2010.11.26"]
[SourceQuality "1"]

1. e4 c5 2. Nf3 d6 3. d4 cxd4 4. Nxd4 Nf6 5. Nc3 a6 6. Bg5 e6 7. f4 Qb6 8. Bxf6 gxf6 9. Na4 Qa5+ 10. c3 b5 11. b4 Qxa4 12. Nb3 Nc6 13. a3 a5 14. Bd3 Nd4 15. Nxd4 Qxd1+ 16. Kxd1 Bd7 17. Bxb5 Bxb5 18. Nxb5 Kd7 19. Kc2 Be7 20. Rhd1 Rhc8 21. Kb3 a4+ 22. Kb2 Rc4 23. e5 d5 24. Rd4 Rc6 25. Rc1 fxe5 26. fxe5 f6 27. exf6 Bxf6 28. Rf4 Bg5 29. Rf7+ Kc8 30. Rcf1 h6 31. Na7+ 1-0

[Event "Gatineau Qualification CIQ"]
[Site "Gatineau"]
[Date "2009.04.07"]
[Round "5"]
[White "Menard, Marc"]
[Black "Jiang, Qizhe"]
[Result "1/2-1/2"]
[WhiteElo "1542"]
[BlackElo "1022"]
[PlyCount "65"]
[EventDate "2009.03.10"]
[EventType "swiss"]
[EventRounds "5"]
[EventCountry "CAN"]
[SourceTitle "EXT 2010"]
[Source "ChessBase"]
[SourceDate "2010.11.25"]
[SourceVersion "1"]
[SourceVersionDate "2010.11.25"]
[SourceQuality "1"]

1. e4 c5 2. Nf3 d6 3. d4 cxd4 4. Nxd4 Nf6 5. Nc3 a6 6. Bg5 e6 7. Qd2 Nbd7 8. 0-0-0 Qc7 9. f4 Be7 10. Kb1 0-0 11. a4 b6 12. g3 Bb7 13. Bg2 Rfe8 14. Rhe1 d5 15. e5 Ng4 16. h3 Bxg5 17. hxg4 Be7 18. g5 g6 19. Nf3 Bb4 20. Nh2 b5 21. axb5 Bxc3 22. Qxc3 Qxc3 23. bxc3 axb5 24. Ng4 Rac8 25. Kb2 Rc7 26. Nf6+ Nxf6 27. gxf6 Rec8 28. Rd3 Ba6 29. Ra1 Rc6 30. Rd4 Rxc3 31. Rd2 R3c6 32. g4 h6 33. Ra5 1/2-1/2

[Event "Gatineau Fischer Memorial"]
[Site "Gatineau"]
[Date "2009.02.03"]
[Round "3"]
[White "Lavergne, Daniel"]
[Black "Jiang, Qizhe"]
[Result "1-0"]
[WhiteElo "1624"]
[BlackElo "1026"]
[PlyCount "79"]
[EventDate "2009.01.20"]
[EventType "swiss"]
[EventRounds "6"]
[EventCountry "CAN"]
[SourceTitle "EXT 2011"]
[Source "ChessBase"]
[SourceDate "2010.11.26"]
[SourceVersion "1"]
[SourceVersionDate "2010.11.26"]
[SourceQuality "1"]

1. Nf3 Nc6 2. d4 d5 3. e3 a6 4. c4 e6 5. Nc3 Nf6 6. Ne5 Bd6 7. Nxc6 bxc6 8. c5 Be7 9. f4 0-0 10. Bd3 a5 11. g4 e5 12. f5 e4 13. Be2 h6 14. h4 Nh7 15. g5 hxg5 16. Bg4 gxh4 17. Bh3 Bg5 18. Qg4 Qf6 19. Rf1 g6 20. Qg2 Bxf5 21. Bxf5 gxf5 22. Bd2 Kh8 23. Qh3 Rg8 24. Rxf5 Qe6 25. Qf1 f6 26. 0-0-0 Rab8 27. Ne2 a4 28. Rf2 Ra8 29. Nf4 Bxf4 30. Rxf4 Rg4 31. Qh3 f5 32. Rxg4 fxg4 33. Qxh4 Qg6 34. Be1 Rf8 35. Bg3 Qg7 36. Be5 Qxe5 37. dxe5 Rf5 38. Rh1 Rf7 39. Qd8+ Kg7 40. Qh4 1-0

[Event "Gatineau Echiquier Royal"]
[Site "Gatineau"]
[Date "2009.01.10"]
[Round "1"]
[White "Lacourse, Guy"]
[Black "Jiang, Qizhe"]
[Result "1-0"]
[WhiteElo "1725"]
[BlackElo "1071"]
[PlyCount "97"]
[EventDate "2009.01.10"]
[EventType "tourn (rapid)"]
[EventRounds "3"]
[EventCountry "CAN"]
[SourceTitle "EXT 2011"]
[Source "ChessBase"]
[SourceDate "2010.11.26"]
[SourceVersion "1"]
[SourceVersionDate "2010.11.26"]
[SourceQuality "1"]

1. c4 e5 2. Nf3 Nc6 3. Nc3 d6 4. d4 exd4 5. Nxd4 Bd7 6. e4 Qe7 7. Be3 Nf6 8. f3 g6 9. Nd5 Nxd5 10. cxd5 Bg7 11. dxc6 Bxc6 12. Nxc6 bxc6 13. Bd4 Bxd4 14. Qxd4 f6 15. 0-0-0 0-0 16. Bc4+ Kg7 17. Ba6 c5 18. Qd5 Rab8 19. Bb7 c6 20. Bxc6 f5 21. Qxd6 Qxd6 22. Rxd6 fxe4 23. Rd7+ Rf7 24. fxe4 Rb6 25. Rf1 Rxd7 26. Bxd7 Rb7 27. Be6 Re7 28. Bd5 Kh6 29. Rf7 Rxf7 30. Bxf7 Kg7 31. Bc4 Kf6 32. Kd2 Ke5 33. Ke3 g5 34. g4 h6 35. h3 a5 36. b3 Kf6 37. a3 Ke5 38. b4 cxb4 39. axb4 axb4 40. Bb3 Kd6 41. Kd4 Ke7 42. Ke5 Kd7 43. Kf6 Kc6 44. e5 Kd7 45. e6+ Kd6 46. e7 Kd7 47. Ba4+ Kd6 48. e8Q b3 49. Qe5# 1-0

[Event "Gatineau Defi Nez rouge B"]
[Site "Gatineau"]
[Date "2008.12.02"]
[Round "2"]
[White "Jiang, Qizhe"]
[Black "Lavergne, Daniel"]
[Result "0-1"]
[WhiteElo "974"]
[BlackElo "1656"]
[PlyCount "74"]
[EventDate "2008.11.25"]
[EventType "swiss"]
[EventRounds "5"]
[EventCountry "CAN"]
[SourceTitle "EXT 2022"]
[Source "ChessBase"]
[SourceDate "2021.10.06"]
[SourceVersion "1"]
[SourceVersionDate "2021.10.06"]
[SourceQuality "1"]

1. e4 e5 2. Nf3 Nc6 3. Bc4 Nf6 4. d3 h6 5. a3 Bc5 6. h3 d5 7. exd5 Nxd5 8. 0-0 Be6 9. Bxd5 Qxd5 10. Nc3 Qd7 11. Kh2 0-0-0 12. Qe2 f6 13. Be3 Be7 14. Rad1 Bd6 15. Ne4 f5 16. Nxd6+ Qxd6 17. g3 Rhe8 18. Qd2 g5 19. Qe2 f4 20. Bd2 g4 21. Ng1 Nd4 22. Bb4 Nxe2 23. Bxd6 Nxg1 24. Rxg1 Rxd6 25. hxg4 Bxg4 26. Rde1 fxg3+ 27. fxg3 h5 28. Re4 Rd4 29. Rge1 Rxe4 30. Rxe4 Rf8 31. Rxe5 Rf2+ 32. Kg1 Rxc2 33. b3 Rc3 34. b4 Rxd3 35. Kg2 Rxa3 36. b5 a6 37. bxa6 Rxa6 0-1

[Event "Gatineau Hull CC 29 Ann-B"]
[Site "Gatineau"]
[Date "2008.09.23"]
[Round "3"]
[White "Jiang, Qizhe"]
[Black "Sabourin, Yves"]
[Result "0-1"]
[WhiteElo "1006"]
[BlackElo "1268"]
[PlyCount "70"]
[EventDate "2008.09.09"]
[EventType "swiss"]
[EventRounds "5"]
[EventCountry "CAN"]
[SourceTitle "EXT 2022"]
[Source "ChessBase"]
[SourceDate "2021.10.06"]
[SourceVersion "1"]
[SourceVersionDate "2021.10.06"]
[SourceQuality "1"]

1. e4 e6 2. d4 d5 3. e5 c5 4. Nf3 Nc6 5. Be3 cxd4 6. Nxd4 Nxe5 7. Bb5+ Bd7 8. Bxd7+ Nxd7 9. Nc3 e5 10. Nf3 d4 11. Nxe5 Nxe5 12. Qxd4 Qxd4 13. Bxd4 Nc6 14. 0-0-0 0-0-0 15. Be3 Nf6 16. Rxd8+ Kxd8 17. Rd1+ Kc8 18. Nb5 a6 19. Na7+ Nxa7 20. Bxa7 Be7 21. Bb6 Bd8 22. Bd4 Re8 23. Be3 Ng4 24. h3 Nxe3 25. fxe3 Rxe3 26. b3 Bg5 27. Kb2 Bf6+ 28. Kc1 Re2 29. Rg1 Bd4 30. Rd1 Be3+ 31. Kb2 Rxg2 32. Rd3 Re2 33. Rc3+ Kd7 34. Rd3+ Ke7 35. Rc3 Bd4 0-1

[Event "Gatineau Hull CC LEO-chC"]
[Site "Gatineau"]
[Date "2008.05.13"]
[Round "5"]
[White "Sunatori, Evelyne"]
[Black "Jiang, Qizhe"]
[Result "0-1"]
[WhiteElo "1190"]
[BlackElo "963"]
[PlyCount "72"]
[EventDate "2008.04.15"]
[EventType "swiss"]
[EventRounds "6"]
[EventCountry "CAN"]
[SourceTitle "EXT 2022"]
[Source "ChessBase"]
[SourceDate "2021.10.06"]
[SourceVersion "1"]
[SourceVersionDate "2021.10.06"]
[SourceQuality "1"]

1. e4 e5 2. Nf3 Nc6 3. Bc4 Nf6 4. Ng5 d5 5. exd5 Na5 6. Nc3 Nxc4 7. Qe2 Nb6 8. Qxe5+ Be7 9. 0-0 Nfxd5 10. Qxg7 Rf8 11. Nxh7 Nf6 12. Nxf6+ Bxf6 13. Re1+ Be6 14. Qg3 Qe7 15. d3 0-0-0 16. Bf4 Rg8 17. Qe3 a6 18. a3 Rde8 19. Re2 Qd7 20. Kf1 Bg4 21. Qc1 Bxe2+ 22. Nxe2 Na4 23. Rb1 Qg4 24. Ng3 Bxb2 25. Qd1 Qxf4 26. Qf3 Qxf3 27. gxf3 Bxa3 28. Ra1 Bd6 29. Rxa4 Bxg3 30. fxg3 Rh8 31. Re4 Rxe4 32. fxe4 Rxh2 33. c3 Rc2 34. c4 Rd2 35. e5 Rxd3 36. Kf2 Rc3 0-1

[Event "Gatineau Hull CC LEO-chC"]
[Site "Gatineau"]
[Date "2008.04.25"]
[Round "2"]
[White "MacIsaac, Alexandre"]
[Black "Jiang, Qizhe"]
[Result "1-0"]
[WhiteElo "1372"]
[BlackElo "963"]
[PlyCount "63"]
[EventDate "2008.04.15"]
[EventType "swiss"]
[EventRounds "6"]
[EventCountry "CAN"]
[SourceTitle "EXT 2022"]
[Source "ChessBase"]
[SourceDate "2021.10.06"]
[SourceVersion "1"]
[SourceVersionDate "2021.10.06"]
[SourceQuality "1"]

1. e4 e5 2. Nf3 Nc6 3. Bc4 h6 4. d4 d6 5. dxe5 dxe5 6. Qxd8+ Kxd8 7. 0-0 Nf6 8. Bxf7 Nxe4 9. Re1 Bf5 10. Bd5 Nf6 11. Bxc6 bxc6 12. Nxe5 Kc8 13. Nxc6 Bxc2 14. Ne7+ Bxe7 15. Rxe7 Bxb1 16. Rxb1 g5 17. Bd2 Nd5 18. Rf7 g4 19. Rc1 h5 20. Ba5 Kb7 21. Bxc7 Kc8 22. Be5+ Nc7 23. Rcxc7+ Kd8 24. Bxh8 Rc8 25. Rxc8+ Kxc8 26. Rxa7 Kd8 27. Rb7 h4 28. Bf6+ Kc8 29. Rg7 g3 30. hxg3 hxg3 31. fxg3 Kb8 32. Re7 1-0

[Event "Gatineau Hull CC LEO-chB"]
[Site "Gatineau"]
[Date "2008.04.15"]
[Round "1"]
[White "Jiang, Qizhe"]
[Black "Labelle, Raymond"]
[Result "1-0"]
[WhiteElo "963"]
[BlackElo "1352"]
[PlyCount "109"]
[EventDate "2008.04.15"]
[EventType "swiss"]
[EventRounds "6"]
[EventCountry "CAN"]
[SourceTitle "EXT 2022"]
[Source "ChessBase"]
[SourceDate "2021.10.06"]
[SourceVersion "1"]
[SourceVersionDate "2021.10.06"]
[SourceQuality "1"]

1. e4 e5 2. Nf3 Nc6 3. Nc3 Bc5 4. d3 Nf6 5. Be2 0-0 6. h3 d5 7. exd5 Nxd5 8. Bd2 Nf4 9. Rg1 Qf6 10. Be3 Bxe3 11. fxe3 Nh5 12. Ne4 Qh6 13. Qd2 Be6 14. a3 Nf6 15. Nxf6+ Qxf6 16. g4 Qe7 17. Qc3 b5 18. Qxc6 Rfd8 19. Qxb5 f6 20. Rd1 Rdb8 21. Qc6 Qf7 22. Qc3 Rb6 23. b3 Qe7 24. Ra1 Qd6 25. Kf2 Rc6 26. Qb2 Rb8 27. Rab1 a5 28. c4 Rcb6 29. Qa2 Bd7 30. Rgc1 Qc5 31. Rc2 Bc6 32. Rcb2 Qd6 33. Rc1 Qe6 34. Qb1 f5 35. Rg1 Rf8 36. Qe1 e4 37. Nd4 Qf6 38. gxf5 Qh4+ 39. Rg3 Bb7 40. Qxa5 Bc8 41. Qd5+ Kh8 42. a4 Rbf6 43. Bg4 h5 44. Qxe4 hxg4 45. Qxg4 Qh7 46. e4 g6 47. Ke1 c5 48. Nf3 gxf5 49. exf5 Bxf5 50. Qh4 Rh6 51. Qf4 Re8+ 52. Re2 Rxe2+ 53. Kxe2 Bxd3+ 54. Kf2 Bc2 55. Qb8+ 1-0

[Event "Quebec-ch qual"]
[Site "Gatineau"]
[Date "2008.04.08"]
[Round "5"]
[White "Kennedy, Philip"]
[Black "Jiang, Qizhe"]
[Result "1-0"]
[WhiteElo "1343"]
[BlackElo "971"]
[PlyCount "127"]
[EventDate "2008.03.11"]
[EventType "swiss"]
[EventRounds "5"]
[EventCountry "CAN"]
[SourceTitle "EXT 2011"]
[Source "ChessBase"]
[SourceDate "2010.11.26"]
[SourceVersion "1"]
[SourceVersionDate "2010.11.26"]
[SourceQuality "1"]

1. c4 e5 2. g3 d6 3. Bg2 Be6 4. Bxb7 Bxc4 5. Qa4+ Nd7 6. Bxa8 Qxa8 7. f3 Be6 8. d3 Ngf6 9. Nc3 a6 10. Be3 g6 11. Rc1 Qb7 12. h4 Nh5 13. g4 Nhf6 14. b3 Bg7 15. Ne4 Nd5 16. Bd2 0-0 17. Ng5 N7b6 18. Qc6 Qxc6 19. Rxc6 Bd7 20. Rc2 Rc8 21. e4 Nf6 22. a4 Be6 23. Nxe6 fxe6 24. Ba5 Nfd7 25. g5 c5 26. Ne2 Rf8 27. Kf2 Rc8 28. h5 gxh5 29. Rxh5 Rf8 30. Rc1 Rf7 31. Rg1 d5 32. g6 hxg6 33. Rhg5 c4 34. bxc4 dxc4 35. dxc4 Nxc4 36. Bc3 Ndb6 37. Nf4 Rxf4 38. Rxg6 Kf7 39. Rxg7+ Kf8 40. Bb4+ Ke8 41. Re7+ Kd8 42. Rxe6 Nxa4 43. Rg8+ Kc7 44. Rxa6 Nab6 45. Ra7+ Kc6 46. Rg6+ Kb5 47. Be7 Rf7 48. Bd8 Rf8 49. Bxb6 Nxb6 50. Rb7 Rd8 51. Rbxb6+ Kc5 52. Rgc6+ Kd4 53. Rd6+ Rxd6 54. Rxd6+ Kc5 55. Rd5+ Kc6 56. Rxe5 Kd6 57. f4 Kd7 58. Ke3 Kd6 59. Kd4 Kc6 60. f5 Kc7 61. f6 Kd7 62. f7 Kd6 63. f8Q+ Kd7 64. Qf6 1-0

[Event "Quebec-ch qual"]
[Site "Gatineau"]
[Date "2008.03.25"]
[Round "3"]
[White "Jiang, Qizhe"]
[Black "Dupont, Claude"]
[Result "0-1"]
[WhiteElo "971"]
[BlackElo "1494"]
[PlyCount "46"]
[EventDate "2008.03.11"]
[EventType "swiss"]
[EventRounds "5"]
[EventCountry "CAN"]
[SourceTitle "EXT 2011"]
[Source "ChessBase"]
[SourceDate "2010.11.26"]
[SourceVersion "1"]
[SourceVersionDate "2010.11.26"]
[SourceQuality "1"]

1. e4 c5 2. d3 Nc6 3. Be3 d6 4. Nf3 e5 5. Nc3 h6 6. h3 Nf6 7. Be2 Be7 8. a3 a6 9. Qd2 b5 10. Na2 Be6 11. 0-0 d5 12. c3 dxe4 13. dxe4 Qxd2 14. Bxd2 Nxe4 15. Be3 Rd8 16. Rfd1 Rxd1+ 17. Bxd1 0-0 18. a4 b4 19. cxb4 cxb4 20. Rc1 Rc8 21. Nxe5 Nxe5 22. Rxc8+ Bxc8 23. Nxb4 Bxb4 0-1

[Event "Gatineau Monarque Noir 2nd"]
[Site "Gatineau"]
[Date "2008.02.26"]
[Round "7"]
[White "Jiang, Qizhe"]
[Black "Labelle, Raymond"]
[Result "0-1"]
[WhiteElo "935"]
[BlackElo "1419"]
[PlyCount "78"]
[EventDate "2008.01.15"]
[EventType "swiss"]
[EventRounds "7"]
[EventCountry "CAN"]
[SourceTitle "EXT 2011"]
[Source "ChessBase"]
[SourceDate "2010.11.26"]
[SourceVersion "1"]
[SourceVersionDate "2010.11.26"]
[SourceQuality "1"]

1. e4 e5 2. Nf3 Nc6 3. Nc3 Nf6 4. a3 Be7 5. d3 d6 6. Be3 0-0 7. Qd2 h6 8. g3 Ng4 9. Nd5 Nxe3 10. fxe3 Bg4 11. Bg2 Qd7 12. h3 Be6 13. 0-0-0 Bd8 14. d4 Ne7 15. Nxe7+ Qxe7 16. dxe5 dxe5 17. Nxe5 c5 18. Nd7 Re8 19. Qd6 Qxd6 20. Rxd6 Be7 21. Rdd1 Red8 22. Ne5 Bd6 23. Nd3 c4 24. Nf4 Bc8 25. Rd5 g5 26. Nh5 Be6 27. Rdd1 Be5 28. h4 Rxd1+ 29. Rxd1 Bg4 30. Rd5 f6 31. Nxf6+ Bxf6 32. e5 Be7 33. Rd4 h5 34. Bxb7 Rb8 35. Bd5+ Kg7 36. Bxc4 Bc5 37. Rd7+ Bxd7 38. e6 Bxe3+ 39. Kd1 Be8 0-1